Diagnosis and prescription in the classroom : some common maths problems
Αποθηκεύτηκε σε:
| Κύριος συγγραφέας: | |
|---|---|
| Άλλοι συγγραφείς: | |
| Μορφή: | Βιβλίο |
| Γλώσσα: | English |
| Δημοσίευση: |
London :
Harper and Row,
1984
|
| Θέματα: | |
| Ετικέτες: |
Προσθήκη ετικέτας
Δεν υπάρχουν, Καταχωρήστε ετικέτα πρώτοι!
|
MARC
| LEADER | 00000nam a2200000 i 4500 | ||
|---|---|---|---|
| 001 | 1/73830 | ||
| 008 | 960725s1984 eng d | ||
| 020 | |a 0-06-318269-6 | ||
| 035 | |a 1987 |c Αγορά |l 10031623 | ||
| 040 | |a GR-MY-UA |b gre |e aacr | ||
| 041 | 0 | |a eng | |
| 082 | 0 | |a 510 | |
| 100 | 1 | |a Rees, Ruth. | |
| 245 | 1 | 0 | |a Diagnosis and prescription in the classroom : |b some common maths problems / |c Ruth Rees, George Barr |
| 260 | |a London : |b Harper and Row, |c 1984 | ||
| 300 | |a 228 p. | ||
| 650 | 0 | 0 | |a Mathematics. |
| 650 | 0 | 0 | |a Mathematics |x Study and teaching. |
| 650 | 0 | 0 | |a Problem solving. |
| 700 | 1 | |a Barr, George |d 1907- | |
| 852 | |a INST |b RHODES |e 19960725 |h 510 REE |p 005400001430 |q 005400001430 |t BK |y 0 | ||
| 909 | |a Ρ |b 008529 |c 1987 | ||